| 000 | 00549 a2200217 4500 | ||
|---|---|---|---|
| 260 | _aYaoundé | ||
| 630 | _a33 - Economie.économie politique | ||
| 650 | _a3 - SCIENCES SOCIALES | ||
| 100 | _aSobgui, Gabriel Alexis | ||
| 260 | _bLamgun | ||
| 245 | _aNouvelle introduction à la révolution keynesienne et postkeynesienne | ||
| 300 | _a151p | ||
| 650 | _aKeynesianisme | ||
| 260 | _c1983 | ||
| 300 | _b24 cm | ||
| 100 | _lFr | ||
| 440 | _aFaculte de droit et des sciences économiques | ||
| 037 | _a4542 | ||
| 999 |
_c43888 _d43888 |
||